| 000 | 01798nam0a2200445 4500 | ||
|---|---|---|---|
| 001 | RU\NLR\bibl\1318942 | ||
| 005 | 20260406015234.0 | ||
| 010 |
_a978-5-88373-143-2 _9800 |
||
| 035 | _a(nilc)EL/0000217098 | ||
| 035 | _aROSTOV\BIBL\0000104283 | ||
| 035 | _a(NLR Aleph) 001304306 | ||
| 090 |
_a639111 _c639111 |
||
| 100 | _a20080908d2008 |||y0rusy50 ca | ||
| 101 | 0 | _arus | |
| 102 | _aRU | ||
| 105 | _ay ||||||||| | ||
| 106 | _ar | ||
| 200 | 1 |
_aПроблемы теории нематериальных благ _fО.Н. Ермолова, А.В. Трофименко |
|
| 210 |
_aМосква _cКанон+ _d2008 |
||
| 215 |
_a287 с. _d21 |
||
| 300 | _aНа 4-й с. обл. авт.: Ермолова О.Н. - к.ю.н., доц., Трофименко А.В., к.ю.н., доц. | ||
| 320 | _aБиблиогр. в подстроч. прим. | ||
| 606 | 1 |
_aНематериальные активы _xПравовые вопросы _92132043 _3RU\NLR\auth\661286128 |
|
| 610 | 0 | _aНематериальные объекты | |
| 610 | 0 | _aНематериальные блага | |
| 610 | 0 | _aТеории | |
| 610 | 0 | _aЗащита | |
| 610 | 0 | _aМоральный вред | |
| 610 | 0 | _aВозмещение | |
| 686 |
_a67.623.213.1 _vLBC/RL _2rubbk |
||
| 686 | _aХ623.012.02 | ||
| 700 | 1 |
_aЕрмолова _bО. Н. _gОльга Николаевна _4070 |
|
| 701 | 1 |
_4070 _8rus _7ca _aТрофименко _bА. В. _cд-р юрид. наук _gАндрей Валериевич _3RU\NLR\auth\77120720 _9103645 |
|
| 801 | 0 |
_aRU _bДонская ГПБ _c20080908 _grcr |
|
| 801 | 1 |
_aRU _bДонская ГПБ _c20080908 _2rusmarc |
|
| 801 | 2 |
_aRU _bNLR _c20081117 _grcr |
|
| 830 | _aБиблиограф Пальчикова | ||
| 942 | _cBOOK | ||
| 980 | _aNB | ||